Riconosci il Pokémon - Quiz n°129 - Statistics

Statistiche generali
  • Questo quiz è stato fatto 2 volte
  • Il punteggio medio è 9 su 10
Statistiche sulle risposte
Indizio Risposta % Corretto
Altezza 0,8 m
100%
Peso 23,0 kg
100%
Tasso di cattura 45 (11.9%)
100%
Sesso 87.5% ♂, 12.5% ♀
100%
Tipo Acqua
100%
Abilità Acquaiuto; Agonismo; Tenacia
100%
Stadio evoluzione Prima evoluzione
100%
Generazione Quarta
100%
Tasso di allevamento Medio-Lento
50%
Pokémon Prinplup
50%
Nessun quiz corrispondente trovato
Distribuzione punteggi
Percentuale di utenti per punteggio
Percentile per numero di risposta
I tuoi punteggi nel tempo
Non hai fatto questo quiz